Statistiken für Schnelle Mathematik: Vielfachen von 2

Klicken Sie hier um das Quiz zu spielen!

Allgemein

  • Dieses Quiz wurde 365 mal gespielt
  • Das Durchschnittsergebnis liegt bei 10 aus 10

Antwortstatistiken

HintAntwort% Korrekt
1*22
100%
2*24
100%
4*28
99%
6*212
98%
3*26
98%
5*210
97%
7*214
96%
8*216
94%
9*218
91%
10*220
89%

Verteilung der Resultate

Perzentil nach korrekt beantworteten Fragen

Anzahl Personen mit jedem Resultat

Ihre Resultats-Entwicklung

Sie haben dieses Quiz noch nicht gespielt